000 00487nam a2200193Ia 4500
005 20240823023827.0
008 240823s9999||||xx |||||||||||||| ||und||
020 _a81-7371-608-0
041 _aENGLISH
082 _A628 P8
100 _aAloka Debi
245 0 _aEnvironmental Science and Engineering
250 _a1st
260 _c2008
_bUniversities Press Hyd
500 _aYES
650 _aEnvironmental Engineering and Science
_bMechanical
942 _cBK
999 _c182475
_d182475